| 000 | 00775nam a22002777a 4500 | ||
|---|---|---|---|
| 003 | CHAP | ||
| 005 | 20220329133859.0 | ||
| 008 | 971013s1962 r 00010 d | ||
| 010 | _a12178 | ||
| 011 | _a13150 | ||
| 035 | _a17221 | ||
| 040 | _cCHAP | ||
| 082 |
_a591.9 _bG46 |
||
| 100 | 0 | 0 |
_aGeorge, Wilma. _947682 |
| 245 | _aAnimal geography | ||
| 260 |
_aLondon : _bHeimemann, _c1962 |
||
| 300 |
_a142 p. _b: ilus. |
||
| 590 |
_aBATCH-UPD _b10 _c20130110 _lUCH01 _h1939 |
||
| 590 |
_aBATCH-UPD _b10 _c20130410 _lUCH01 _h1302 |
||
| 590 |
_aBATCH-UPD _b10 _c20130914 _lUCH01 _h2100 |
||
| 590 |
_aCONVERSION _b10 _c20130109 _lUCH01 _h1308 |
||
| 650 | 1 | 4 |
_aZoogeografĂa. _9124148 |
| 901 | _aBK | ||
| 942 | _cLIBRO | ||
| 949 |
_a591.9 G46 _bBC _cLIBRO _d-40806 _eLIBRO _h3941 _i17221 _si |
||
| 999 |
_c12178 _d12178 |
||